000 01310nam a2200265Ia 4500
999 _c56557
_d56557
001 23671
003 GE_BSU
005 20191029164401.0
008 181216s2016|||| |||||||||||||| ||geo||
020 _a9789941135491
041 _ageo
080 _a330.34(075.8) ა-16
100 _aაბესაძე, რამაზ
_9905
245 _aეკონომიკური განვითარება /
_cრამაზ აბესაძე ; რედ : როზეტა ასათიანი.
250 _aმე-3 გამოცემა. ივანე ჯავახიშვილის სახ. თბილისის სახელმწ. უნ-ტი, პაატა გუგუშვილის სახ. ეკონომიკის ინ-ტი.
264 _aთბილისი :
_bთსუ,
_c2016.
300 _a228 გვ. :
_b ილ. ;
_c 20 სმ.
504 _aბიბლიოგრ.: გვ. 179-225.
520 _aპარალ. სათ. ინგლ. ენ.
541 _h5 ლ.
653 _aეკონომიკა
653 _aეკონომიკური განვითარება
700 _a ასათიანი, როზეტა
_eრედაქტორი
_95086
942 _cBK
_2udc